000 00720nam a22002537i 4500
003 DO-SdBNP
005 20240306073910.0
006 a||||er|||| 00| 0
007 ta
008 231004t1987 gt ||||| |||| 00| p spa d
020 _a8439710968
040 _aDO-SdBNP
_bspa
_cBNPHU
_erda
082 4 _bL842a
_222
100 1 _aMartí, José,
_d1853-1895
_eautor
_9645
245 1 0 _aAlgo de punto /
_cPaolo Lombardi
264 4 _aMadrid :
_bArtes Gráficas Toledo,
_c1987
300 _a104 páginas :
_bilustraciones ;
_c22 cm.
336 _2rdacontent
_atexto
_btxt
337 _2rdamedia
_asin mediación
_bn
338 _2rdacarrier
_avolumen
_bnc
590 _aInventariado 2023 /DG
910 _aDG
942 _2ddc
_cLBS1
999 _c55163
_d55163